[Event "1000GM Summer GM-B"]
[Site "New York USA"]
[Date "2024.07.14"]
[Round "9.3"]
[White "Jacobson, Aaron"]
[Black "Mendes, Aaron Reeve"]
[Result "1-0"]
[WhiteElo "2392"]
[BlackElo "2312"]
[PlyCount "105"]
[GameId "2130307541901033"]
[EventDate "2024.07.09"]
[EventType "tourn"]
[EventRounds "8"]
[EventCountry "USA"]
[EventCategory "7"]
[SourceTitle "10 Days #765"]
[Source "ChessMix "]
[SourceDate "2024.07.20"]
[SourceVersion "1"]
[SourceVersionDate "2024.07.20"]
[SourceQuality "1"]

1. c4 c6 2. Nf3 d5 3. e3 Nf6 4. Nc3 e6 5. b3 Bd6 6. Bb2 O-O 7. Be2 e5 8. cxd5 cxd5 9. Nb5 Nc6 10. Nxd6 Qxd6 11. d4 e4 12. Ne5 Nd7 13. Nxc6 bxc6 14. Qd2 Bb7 15. O-O-O a5 16. Bc3 Rfb8 17. Kb2 a4 18. b4 a3+ 19. Ka1 Ba6 20. Rb1 Bxe2 21. Qxe2 Rb5 22. f4 Nb6 23. g4 Na4 24. Qd2 Rab8 25. Rhc1 Nb6 26. Qe2 Nc4 27. h4 Qe7 28. Qe1 f5 29. gxf5 Rf8 30. Qf2 Rxf5 31. Rg1 Qf6 32. Rg3 Kh8 33. Rbg1 Rb7 34. Qg2 Rf7 35. Qh3 Qh6 36. Rg5 g6 37. b5 cxb5 38. Bb4 Rxg5 39. Rxg5 Rf5 40. h5 Qg7 41. Rxg6 Qf7 42. Qh4 h6 43. Rxh6+ Kg7 44. Bf8+ Kg8 45. Rg6+ Kh8 46. Bg7+ Kh7 47. Qg4 Qd7 48. Rh6+ Kg8 49. Be5+ Kf8 50. Rh8+ Ke7 51. Qg7+ Ke6 52. Rh6+ Rf6 53. Rxf6# 1-0

[Event "Titled Tuesday 2024.06.18 Late"]
[Site "chess.com INT"]
[Date "2024.06.18"]
[Round "5"]
[White "Riehle, Marco"]
[Black "Mendes, Aaron Reeve"]
[Result "0-1"]
[WhiteElo "2380"]
[BlackElo "2318"]
[PlyCount "92"]
[GameId "2130307542988949"]
[EventDate "2024.06.18"]
[EventType "swiss (blitz)"]
[EventRounds "11"]
[EventCountry "NET"]
[SourceTitle "The Week in Chess 1546"]
[Source "Mark Crowther"]
[SourceDate "2024.06.24"]
[SourceVersion "1"]
[SourceVersionDate "2024.06.24"]
[SourceQuality "2"]

1. e4 c5 2. a3 b6 3. b4 Bb7 4. d3 e6 5. c3 d5 6. e5 Nc6 7. f4 f6 8. Nf3 Nge7 9. d4 cxd4 10. cxd4 h5 11. Bd3 fxe5 12. fxe5 Nf5 13. Bxf5 exf5 14. Bg5 Be7 15. Bxe7 Qxe7 16. O-O g5 17. Nc3 O-O-O 18. Nb5 Kb8 19. Nd6 Rhf8 20. Rc1 g4 21. Ne1 f4 22. b5 Na5 23. Nd3 f3 24. Nb4 Nc4 25. Nxb7 Kxb7 26. Nc6 Qxa3 27. Nxd8+ Rxd8 28. Qc2 Qe3+ 29. Rf2 Rd7 30. Rd1 Rg7 31. Qf5 Nd2 32. g3 Ne4 33. Rdf1 Nxf2 34. Rxf2 Rc7 35. Qb1 Rc1+ 36. Qxc1 Qxc1+ 37. Rf1 Qe3+ 38. Rf2 Qxd4 39. e6 Qa1+ 40. Rf1 Qe5 41. e7 Qxe7 42. h4 d4 43. Rf2 d3 44. Kh2 Qe3 45. Kg1 d2 46. Kh2 Qxf2+ 0-1

[Event "Titled Tuesday 2024.06.11 Late"]
[Site "chess.com INT"]
[Date "2024.06.11"]
[Round "1"]
[White "Mendes, Aaron Reeve"]
[Black "Jimenez Salas, Maria Teresa"]
[Result "1-0"]
[WhiteElo "2318"]
[BlackElo "1988"]
[PlyCount "45"]
[GameId "2130307543244381"]
[EventDate "2024.06.11"]
[EventType "swiss (blitz)"]
[EventRounds "11"]
[EventCountry "NET"]
[SourceTitle "The Week in Chess 1545"]
[Source "Mark Crowther"]
[SourceDate "2024.06.17"]
[SourceVersion "1"]
[SourceVersionDate "2024.06.17"]
[SourceQuality "2"]

1. e4 c5 2. Nf3 Nc6 3. d4 cxd4 4. Nxd4 Nf6 5. Nxc6 bxc6 6. Bd3 e5 7. O-O Be7 8. c4 O-O 9. Nc3 d6 10. Be3 Be6 11. Rc1 Nd7 12. Qa4 Qc7 13. Nd5 cxd5 14. cxd5 Nc5 15. dxe6 Nxa4 16. Rxc7 Nxb2 17. Bb5 a6 18. Bc6 Rac8 19. exf7+ Kh8 20. Rxe7 Rxc6 21. Re8 Rc8 22. Rxc8 Re8 23. fxe8=R# 1-0

[Event "Titled Tuesday 2024.06.11 Late"]
[Site "chess.com INT"]
[Date "2024.06.11"]
[Round "3"]
[White "Mendes, Aaron Reeve"]
[Black "Wael Sabry, Mina"]
[Result "1-0"]
[WhiteElo "2318"]
[BlackElo "2043"]
[PlyCount "163"]
[GameId "2130307543252763"]
[EventDate "2024.06.11"]
[EventType "swiss (blitz)"]
[EventRounds "11"]
[EventCountry "NET"]
[SourceTitle "The Week in Chess 1545"]
[Source "Mark Crowther"]
[SourceDate "2024.06.17"]
[SourceVersion "1"]
[SourceVersionDate "2024.06.17"]
[SourceQuality "2"]

1. e4 c5 2. Nf3 d6 3. d4 cxd4 4. Nxd4 Nf6 5. Nc3 a6 6. Qd3 e6 7. Bg5 Be7 8. O-O-O Nbd7 9. Kb1 Qc7 10. f3 b5 11. g4 Bb7 12. h4 Rc8 13. a3 Ne5 14. Qe3 Nc4 15. Bxc4 Qxc4 16. Nb3 h6 17. Na5 Qc7 18. Bxf6 Bxf6 19. Nxb7 Qxb7 20. Rxd6 Bxc3 21. bxc3 O-O 22. Rhd1 a5 23. Qb6 Qe7 24. R1d3 Qxh4 25. Qxa5 Ra8 26. Qb4 Ra4 27. Qb3 Rfa8 28. Kb2 Qg5 29. Rd2 Kh7 30. R6d4 Qc5 31. Rxa4 bxa4 32. Qb7 Ra7 33. Qb4 Qc7 34. Kc1 Rb7 35. Qd4 Qb8 36. Kd1 Rb1+ 37. Ke2 Qh2+ 38. Kd3 Qh1 39. Qe3 Qf1+ 40. Qe2 Qc1 41. e5 Qxa3 42. Qe4+ g6 43. Qf4 Qe7 44. Qxa4 Rb7 45. Qe4 Rd7+ 46. Ke2 Rxd2+ 47. Kxd2 Qc5 48. Qd4 Qc6 49. Ke3 Kg7 50. c4 h5 51. gxh5 gxh5 52. c5 Kg6 53. Qd6 Qa4 54. Qd3+ Kg7 55. Qe4 Qa3+ 56. Kd4 Qb4+ 57. c4 Qd2+ 58. Qd3 Qf4+ 59. Kc3 Qc1+ 60. Kb4 Qb2+ 61. Qb3 Qxe5 62. c6 Qc7 63. Kb5 h4 64. Qc3+ f6 65. Qd4 h3 66. Qd7+ Qxd7 67. cxd7 h2 68. d8=Q h1=Q 69. Qd7+ Kg6 70. Qxe6 Qxf3 71. Qg8+ Kf5 72. Qd5+ Qxd5+ 73. cxd5 Ke5 74. Kc6 f5 75. d6 f4 76. d7 f3 77. d8=Q f2 78. Qd1 Ke4 79. Qf1 Ke3 80. Kc5 Kf3 81. Kd4 Kf4 82. Qxf2+ 1-0

[Event "Titled Tuesday 2024.06.11 Late"]
[Site "chess.com INT"]
[Date "2024.06.11"]
[Round "8"]
[White "Mendes, Aaron Reeve"]
[Black "Badacsonyi, Frankie"]
[Result "1-0"]
[WhiteElo "2318"]
[BlackElo "2204"]
[PlyCount "121"]
[GameId "2130307543265407"]
[EventDate "2024.06.11"]
[EventType "swiss (blitz)"]
[EventRounds "11"]
[EventCountry "NET"]
[SourceTitle "The Week in Chess 1545"]
[Source "Mark Crowther"]
[SourceDate "2024.06.17"]
[SourceVersion "1"]
[SourceVersionDate "2024.06.17"]
[SourceQuality "2"]

1. e4 c6 2. c4 d5 3. cxd5 cxd5 4. exd5 Nf6 5. Bb5+ Nbd7 6. Nc3 g6 7. Nge2 Bg7 8. O-O O-O 9. Nf4 Nb6 10. Qb3 Bd7 11. Bxd7 Qxd7 12. d4 Rfd8 13. Re1 Nbxd5 14. Nfxd5 Nxd5 15. Be3 e6 16. Ne4 b6 17. Rac1 Rac8 18. h4 h5 19. g3 Nf6 20. Rxc8 Rxc8 21. Nc3 Rd8 22. Rd1 Nd5 23. Ne4 Rc8 24. Nc3 Nf6 25. Bg5 Nd5 26. Rd3 Nxc3 27. bxc3 Qd5 28. c4 Qxc4 29. Qd1 Qc2 30. d5 Qxd1+ 31. Rxd1 exd5 32. Rxd5 Rc7 33. Bf4 Rb7 34. Rd8+ Kh7 35. Ra8 Bd4 36. Kg2 Rd7 37. Kf3 Rb7 38. Ke4 Bg7 39. Kd5 Rd7+ 40. Kc6 Re7 41. Kb5 Bd4 42. f3 Bc5 43. Ka6 f6 44. Rxa7 Rxa7+ 45. Kxa7 Kg7 46. Ka6 Kf7 47. Bc7 Bf2 48. Kb5 Ke6 49. a4 Kf5 50. Bxb6 Bxg3 51. a5 Bb8 52. a6 g5 53. hxg5 fxg5 54. Kc6 h4 55. Kb7 h3 56. Bg1 Kf4 57. Bh2+ Kxf3 58. Bxb8 g4 59. a7 g3 60. a8=Q g2 61. Bh2 1-0

[Event "Titled Tuesday 2024.06.11 Late"]
[Site "chess.com INT"]
[Date "2024.06.11"]
[Round "9"]
[White "Budhidharma, Nayaka"]
[Black "Mendes, Aaron Reeve"]
[Result "0-1"]
[WhiteElo "2198"]
[BlackElo "2318"]
[PlyCount "66"]
[GameId "2130307543265445"]
[EventDate "2024.06.11"]
[EventType "swiss (blitz)"]
[EventRounds "11"]
[EventCountry "NET"]
[SourceTitle "The Week in Chess 1545"]
[Source "Mark Crowther"]
[SourceDate "2024.06.17"]
[SourceVersion "1"]
[SourceVersionDate "2024.06.17"]
[SourceQuality "2"]

1. d4 Nf6 2. Nc3 d5 3. Bf4 c5 4. e3 e6 5. Nf3 a6 6. Be2 b5 7. O-O Nbd7 8. h3 Bb7 9. a4 b4 10. Nb1 c4 11. Nbd2 a5 12. c3 b3 13. Ne5 Be7 14. Bf3 O-O 15. Qe2 Qb6 16. e4 Nxe5 17. Bxe5 Rfe8 18. Rfe1 Nd7 19. Bg3 Bg5 20. exd5 Bxd2 21. Qxd2 exd5 22. Qg5 Qg6 23. Qf4 Qc6 24. h4 Nb6 25. h5 Nxa4 26. h6 Nxb2 27. Rxe8+ Rxe8 28. Rxa5 Nd3 29. Qg5 Qg6 30. Qxg6 hxg6 31. Kh2 b2 32. Rb5 Bc6 33. Rb6 Re1 0-1

[Event "World op"]
[Site "Philadelphia USA"]
[Date "2024.06.07"]
[Round "9.33"]
[White "Valido Bouza, Cesar Jose"]
[Black "Mendes, Aaron Reeve"]
[Result "0-1"]
[WhiteElo "2136"]
[BlackElo "2312"]
[PlyCount "98"]
[GameId "2130307543441126"]
[EventDate "2024.06.03"]
[EventType "swiss"]
[EventRounds "9"]
[EventCountry "USA"]
[SourceTitle "10 Days #764"]
[Source "ChessMix "]
[SourceDate "2024.07.10"]
[SourceVersion "1"]
[SourceVersionDate "2024.07.10"]
[SourceQuality "1"]

1. e4 c5 2. c3 Nf6 3. e5 Nd5 4. Nf3 Nc6 5. Bc4 Nb6 6. Bb3 d5 7. exd6 Qxd6 8. O-O g6 9. d4 cxd4 10. cxd4 Bg7 11. d5 Na5 12. Nc3 O-O 13. Re1 Bg4 14. h3 Bxf3 15. Qxf3 Nxb3 16. axb3 Rfd8 17. Bf4 Qb4 18. Be5 Bf8 19. Bc7 Rd7 20. d6 e6 21. Ne4 Bg7 22. Red1 Nd5 23. Ra4 Qb5 24. Ra5 Qb4 25. Ra4 Qb5 26. Rc1 b6 27. Rac4 Bxb2 28. R1c2 Be5 29. Rc6 Rc8 30. Rc1 Kg7 31. h4 h6 32. h5 g5 33. g3 Nxc7 34. dxc7 Qd3 35. Qxd3 Rxd3 36. b4 Rd7 37. b5 Rdxc7 38. Rxc7 Rxc7 39. Rxc7 Bxc7 40. g4 f5 41. Nd2 Bf4 42. Nf3 e5 43. Ne1 Kf6 44. f3 fxg4 45. fxg4 e4 46. Nc2 Bd6 47. Kf1 Bc5 48. Na1 Ke5 49. Nb3 Kf4 0-1

[Event "Dubai op"]
[Site "Dubai UAE"]
[Date "2024.06.02"]
[Round "9.26"]
[White "Mendes, Aaron Reeve"]
[Black "Krawczyk, Flawian"]
[Result "1-0"]
[WhiteElo "2306"]
[BlackElo "2315"]
[PlyCount "77"]
[GameId "2130307543797296"]
[EventDate "2024.05.25"]
[EventType "swiss"]
[EventRounds "9"]
[EventCountry "UAE"]
[SourceTitle "10 Days #761"]
[Source "ChessMix"]
[SourceDate "2024.06.10"]
[SourceVersion "1"]
[SourceVersionDate "2024.06.10"]
[SourceQuality "1"]

1. e4 c5 2. Nf3 d6 3. Bb5+ Nd7 4. d4 cxd4 5. Nxd4 Ngf6 6. O-O a6 7. Bd3 e6 8. c4 Be7 9. Re1 Qc7 10. b3 O-O 11. Bb2 b6 12. Nc3 Bb7 13. Rc1 Rac8 14. Kh1 Qb8 15. f4 Rfe8 16. Qe2 Nc5 17. Bb1 d5 18. cxd5 Qxf4 19. dxe6 fxe6 20. Rf1 Qh4 21. Qe1 Qh6 22. Rd1 Ng4 23. Nf3 Rf8 24. h3 Bf6 25. b4 Ne3 26. bxc5 Nxf1 27. Qxf1 Rxc5 28. Na4 Rb5 29. Bxf6 Qxf6 30. Qf2 Qa1 31. Qg1 Rb4 32. Nxb6 Bc6 33. Bd3 Qc3 34. a3 Qxa3 35. Bc4 Rxf3 36. Bxe6+ Kf8 37. Qc5+ Ke8 38. Qxc6+ Ke7 39. Nd5+ 1-0

[Event "Police op"]
[Site "Dubai UAE"]
[Date "2024.05.04"]
[Round "1.55"]
[White "Mendes, Aaron Reeve"]
[Black "Panesar, Vedant"]
[Result "0-1"]
[WhiteElo "2307"]
[BlackElo "2464"]
[PlyCount "179"]
[GameId "2130307544575547"]
[EventDate "2024.05.04"]
[EventType "swiss"]
[EventRounds "9"]
[EventCountry "UAE"]
[SourceTitle "10 Days #759"]
[Source "ChessMix"]
[SourceDate "2024.05.20"]
[SourceVersion "1"]
[SourceVersionDate "2024.05.20"]
[SourceQuality "1"]

1. e4 e6 2. d4 d5 3. e5 c5 4. c3 Nc6 5. Nf3 Bd7 6. Bd3 cxd4 7. cxd4 Qb6 8. Bc2 Nb4 9. O-O Nxc2 10. Qxc2 Ne7 11. Nc3 Nf5 12. Rd1 Rc8 13. Qd3 Qb4 14. a3 Qc4 15. Qxc4 Rxc4 16. g4 Ne7 17. Be3 Ng6 18. Kg2 Be7 19. Nd2 Rc8 20. f4 O-O 21. Kg3 Bh4+ 22. Kh3 Bd8 23. Kg3 Ba5 24. Rac1 Bxc3 25. Rxc3 Rxc3 26. bxc3 Rc8 27. Rc1 Bb5 28. f5 Nf8 29. Bg5 Nd7 30. Be7 Nb6 31. Nb3 Nc4 32. Nc5 b6 33. Nb7 Rc7 34. Nd6 Rxe7 35. Nxb5 Rd7 36. Kf4 Kf8 37. a4 a6 38. Nd6 Nxd6 39. exd6 Rxd6 40. c4 dxc4 41. Rxc4 Ke7 42. Ke4 Kd7 43. Ke5 Rd5+ 44. Ke4 Rd6 45. Ke5 Rd5+ 46. Ke4 Ra5 47. fxe6+ fxe6 48. h3 b5 49. axb5 Rxb5 50. Rc3 a5 51. Rf3 Ke7 52. Rc3 Rb7 53. Rc6 Ra7 54. Ke5 a4 55. Rxe6+ Kf7 56. Rb6 a3 57. Rb1 a2 58. Ra1 Ke7 59. h4 Ra5+ 60. d5 Ra4 61. g5 Ra5 62. h5 Ra7 63. g6 h6 64. Kd4 Kd6 65. Kc4 Ra8 66. Kd4 Ra4+ 67. Kc3 Kxd5 68. Kb2 Ke5 69. Re1+ Kf6 70. Ka1 Ra5 71. Rf1+ Kg5 72. Rf7 Kxh5 73. Rxg7 Ra6 74. Rg8 Rxg6 75. Rh8 Ra6 76. Rg8 Kh4 77. Rg7 h5 78. Rg8 Kh3 79. Rg5 h4 80. Rg8 Kh2 81. Rg4 h3 82. Rg8 Rf6 83. Kxa2 Rf2+ 84. Kb3 Rg2 85. Rh8 Rg3+ 86. Kc2 Kg2 87. Kd2 h2 88. Ke2 h1=Q 89. Rh7 Qh6 90. Rxh6 0-1

[Event "Police op"]
[Site "Dubai UAE"]
[Date "2024.05.05"]
[Round "2.59"]
[White "Audi, Ameya"]
[Black "Mendes, Aaron Reeve"]
[Result "1-0"]
[WhiteElo "2396"]
[BlackElo "2307"]
[PlyCount "99"]
[GameId "2130307544579712"]
[EventDate "2024.05.04"]
[EventType "swiss"]
[EventRounds "9"]
[EventCountry "UAE"]
[SourceTitle "10 Days #759"]
[Source "ChessMix"]
[SourceDate "2024.05.20"]
[SourceVersion "1"]
[SourceVersionDate "2024.05.20"]
[SourceQuality "1"]

1. Nf3 d5 2. g3 Nf6 3. Bg2 g6 4. c4 c6 5. b3 Bg7 6. Bb2 O-O 7. O-O Re8 8. e3 Bf5 9. d4 Nbd7 10. cxd5 cxd5 11. Nc3 Rc8 12. Rc1 a6 13. Ne5 Be6 14. Nd3 Bh6 15. Re1 Bg4 16. Qd2 e6 17. f3 Bf5 18. Nf2 g5 19. e4 Bg6 20. h4 Nh5 21. g4 Nf4 22. h5 Bxh5 23. gxh5 g4 24. Qd1 Nxg2 25. Kxg2 Bxc1 26. Qxc1 gxf3+ 27. Kxf3 Kh8 28. exd5 exd5 29. Rxe8+ Qxe8 30. Qg5 Qe6 31. h6 Qg6 32. Qxg6 hxg6 33. Nxd5 Kh7 34. Ng4 Rc2 35. Ba3 Rxa2 36. Bf8 g5 37. Ngf6+ Nxf6 38. Nxf6+ Kg6 39. Kg3 Ra1 40. d5 Rd1 41. h7 Rh1 42. d6 Kxf6 43. d7 Rxh7 44. d8=Q+ Kg6 45. Be7 Rh1 46. Qg8+ Kf5 47. Qxf7+ Ke5 48. Bf6+ Kf5 49. Bg7+ Ke4 50. Qf3# 1-0

[Event "Police op"]
[Site "Dubai UAE"]
[Date "2024.05.06"]
[Round "3.63"]
[White "Sapenov, Daniyal"]
[Black "Mendes, Aaron Reeve"]
[Result "0-1"]
[WhiteElo "2389"]
[BlackElo "2307"]
[PlyCount "98"]
[GameId "2130307544583878"]
[EventDate "2024.05.04"]
[EventType "swiss"]
[EventRounds "9"]
[EventCountry "UAE"]
[SourceTitle "10 Days #759"]
[Source "ChessMix"]
[SourceDate "2024.05.20"]
[SourceVersion "1"]
[SourceVersionDate "2024.05.20"]
[SourceQuality "1"]

1. Nf3 d5 2. c4 c6 3. b3 Bf5 4. Bb2 e6 5. g3 Nf6 6. Bg2 h6 7. O-O Nbd7 8. d3 Be7 9. Nbd2 O-O 10. a3 a5 11. Ra2 Re8 12. Qa1 Bf8 13. Re1 Bh7 14. Ne5 Nxe5 15. Bxe5 Bd6 16. Bxd6 Qxd6 17. d4 Rad8 18. e3 b6 19. Rc1 Qb8 20. Qc3 Qa8 21. Raa1 Rc8 22. Qb2 Re7 23. b4 Rec7 24. h3 Bg6 25. Rc3 Kh7 26. Kh2 h5 27. Nf3 Ne4 28. Rcc1 Nd6 29. Ne5 f6 30. c5 bxc5 31. dxc5 fxe5 32. cxd6 Rf7 33. f4 exf4 34. gxf4 Qb8 35. Qd4 Qxd6 36. Kh1 axb4 37. axb4 Rb8 38. Rc5 Rfb7 39. Qc3 Rxb4 40. Rxc6 d4 41. exd4 Rb1+ 42. Rxb1 Rxb1+ 43. Kh2 Qxf4+ 44. Qg3 Qxd4 45. Bf3 h4 46. Qg5 Qf2+ 47. Qg2 Qe3 48. Qg4 Qe5+ 49. Kg2 Rb2+ 0-1

[Event "Police op"]
[Site "Dubai UAE"]
[Date "2024.05.07"]
[Round "4.55"]
[White "Mendes, Aaron Reeve"]
[Black "Grivas, Efstratios"]
[Result "1/2-1/2"]
[WhiteElo "2307"]
[BlackElo "2396"]
[PlyCount "68"]
[GameId "2130307544583936"]
[EventDate "2024.05.04"]
[EventType "swiss"]
[EventRounds "9"]
[EventCountry "UAE"]
[SourceTitle "10 Days #759"]
[Source "ChessMix"]
[SourceDate "2024.05.20"]
[SourceVersion "1"]
[SourceVersionDate "2024.05.20"]
[SourceQuality "1"]

1. e4 c5 2. Nf3 Nc6 3. d4 cxd4 4. Nxd4 Qb6 5. Nb3 Nf6 6. Nc3 e6 7. a3 Qc7 8. f4 d6 9. g4 h6 10. h4 a6 11. Be3 b5 12. Rg1 h5 13. g5 Ng4 14. Rg3 g6 15. Qd2 Rb8 16. O-O-O Bd7 17. Nd4 Be7 18. Be2 Nxe3 19. Rxe3 Nxd4 20. Qxd4 O-O 21. Qd2 a5 22. f5 Rfc8 23. Rf1 b4 24. axb4 axb4 25. Nb1 Qc5 26. Bd3 Qe5 27. Ref3 Ba4 28. fxg6 fxg6 29. Qf4 Qxf4+ 30. Rxf4 Rf8 31. Bc4 Bd7 32. Rxf8+ Rxf8 33. Rf3 Rf7 34. Rxf7 Bf8 1/2-1/2

[Event "Police op"]
[Site "Dubai UAE"]
[Date "2024.05.08"]
[Round "5.50"]
[White "Daghli, Arash"]
[Black "Mendes, Aaron Reeve"]
[Result "1-0"]
[WhiteElo "2410"]
[BlackElo "2307"]
[PlyCount "141"]
[GameId "2130307544588093"]
[EventDate "2024.05.04"]
[EventType "swiss"]
[EventRounds "9"]
[EventCountry "UAE"]
[SourceTitle "10 Days #759"]
[Source "ChessMix"]
[SourceDate "2024.05.20"]
[SourceVersion "1"]
[SourceVersionDate "2024.05.20"]
[SourceQuality "1"]

1. e4 c6 2. d4 d5 3. e5 c5 4. c3 Nc6 5. Be2 cxd4 6. cxd4 Bf5 7. Nc3 e6 8. Be3 Nge7 9. h4 h6 10. h5 Nc8 11. g4 Bh7 12. f4 Nb6 13. a3 Be7 14. Nf3 Nc4 15. Bxc4 dxc4 16. Kf2 Bd3 17. Kg3 a6 18. Rh2 Qd7 19. Rd2 Rd8 20. Rxd3 cxd3 21. Qxd3 b5 22. b4 O-O 23. d5 exd5 24. Bb6 Rc8 25. Nxd5 Qb7 26. Qe4 Bd8 27. Bc5 Re8 28. Nd4 Qd7 29. Nf5 f6 30. Rd1 fxe5 31. Nde7+ Qxe7 32. Nxe7+ Bxe7 33. Bxe7 Rxe7 34. Qd5+ Kh8 35. Rc1 exf4+ 36. Kf2 Rec7 37. Qd6 f3 38. Rc5 Kg8 39. Kxf3 Rf7+ 40. Kg3 Rf6 41. Qd5+ Kh8 42. Qe4 Rc7 43. Qe8+ Kh7 44. Qe4+ Kh8 45. Qg2 Rc8 46. Kh4 Rc7 47. Qd5 Rc8 48. Qg2 Rc7 49. Rc2 Rc8 50. Qe4 Rc7 51. Qd5 Kh7 52. Qe4+ Kh8 53. Qe8+ Kh7 54. Qe3 Rc8 55. Rc1 g5+ 56. hxg6+ Rxg6 57. Qe4 Kg7 58. Rc5 Rc7 59. Kh5 Rf6 60. Qd5 Rg6 61. Qd3 Rf6 62. Qc3 Kf7 63. Rf5 Rxf5+ 64. gxf5 Rc8 65. Qb3+ Ke8 66. Qe6+ Kd8 67. Qd6+ Ke8 68. f6 Rd8 69. Qxc6+ Kf7 70. Qc7+ Ke8 71. Qe7# 1-0

[Event "Police op"]
[Site "Dubai UAE"]
[Date "2024.05.09"]
[Round "6.59"]
[White "Mendes, Aaron Reeve"]
[Black "Viani Antonio Dcunha"]
[Result "1-0"]
[WhiteElo "2307"]
[BlackElo "2394"]
[PlyCount "91"]
[GameId "2130307544592264"]
[EventDate "2024.05.04"]
[EventType "swiss"]
[EventRounds "9"]
[EventCountry "UAE"]
[SourceTitle "10 Days #759"]
[Source "ChessMix"]
[SourceDate "2024.05.20"]
[SourceVersion "1"]
[SourceVersionDate "2024.05.20"]
[SourceQuality "1"]

1. e4 c5 2. Nf3 d6 3. Bb5+ Nd7 4. d4 cxd4 5. Nxd4 Ngf6 6. O-O a6 7. Bd3 Nc5 8. Nc3 e5 9. Nf5 d5 10. Bg5 dxe4 11. Bxe4 Qb6 12. Bxf6 Qxf6 13. Ne3 Be6 14. Bd5 O-O-O 15. Qe2 Bxd5 16. Nexd5 Qe6 17. Rfd1 Nd7 18. b4 Kb8 19. Na4 Qc6 20. Nb2 g6 21. a4 Bg7 22. b5 Qe6 23. bxa6 Nc5 24. a7+ Kxa7 25. Nc7 Qc6 26. Nb5+ Kb8 27. Nc4 e4 28. Rab1 Rxd1+ 29. Qxd1 Nxa4 30. Na5 Qa6 31. Nxb7 Nb2 32. Qd7 Qxb7 33. Qd6+ Kc8 34. Qc5+ Kd7 35. Qd6+ Kc8 36. Qc5+ Kd7 37. Ra1 Rd8 38. Ra7 Ke8 39. g3 Na4 40. Rxa4 Rd1+ 41. Kg2 e3+ 42. f3 Rd2+ 43. Kh3 Qxf3 44. Ra8+ Rd8 45. Rxd8+ Kxd8 46. Qd6+ 1-0

[Event "Police op"]
[Site "Dubai UAE"]
[Date "2024.05.10"]
[Round "7.51"]
[White "Ravi, Teja S."]
[Black "Mendes, Aaron Reeve"]
[Result "1-0"]
[WhiteElo "2419"]
[BlackElo "2307"]
[PlyCount "73"]
[GameId "2130307544592322"]
[EventDate "2024.05.04"]
[EventType "swiss"]
[EventRounds "9"]
[EventCountry "UAE"]
[SourceTitle "10 Days #759"]
[Source "ChessMix"]
[SourceDate "2024.05.20"]
[SourceVersion "1"]
[SourceVersionDate "2024.05.20"]
[SourceQuality "1"]

1. d4 Nf6 2. Nf3 g6 3. Bf4 Bg7 4. e3 O-O 5. Be2 d5 6. O-O c5 7. c3 Nc6 8. Ne5 Qb6 9. Qb3 c4 10. Qxb6 axb6 11. Nd2 Nd7 12. Nxd7 Bxd7 13. e4 e6 14. Bf3 dxe4 15. Nxe4 Na5 16. Bc7 Ra6 17. Nd2 Rc8 18. Bf4 Ra7 19. Rfe1 Bc6 20. Be5 Bxf3 21. Nxf3 Nc6 22. Bxg7 Kxg7 23. Ne5 b5 24. a3 Rd8 25. Re3 Ne7 26. Rae1 Ra6 27. Rf3 f6 28. Ng4 Nd5 29. Ne3 Ne7 30. h4 h5 31. g3 Rad6 32. Ng2 Nc6 33. Rfe3 e5 34. dxe5 Nxe5 35. f4 Nf7 36. Re7 R8d7 37. Kf1 1-0

[Event "Police op"]
[Site "Dubai UAE"]
[Date "2024.05.11"]
[Round "8.49"]
[White "Mendes, Aaron Reeve"]
[Black "Nigmatov, Ortik"]
[Result "0-1"]
[WhiteElo "2307"]
[BlackElo "2410"]
[PlyCount "98"]
[GameId "2130307544592386"]
[EventDate "2024.05.04"]
[EventType "swiss"]
[EventRounds "9"]
[EventCountry "UAE"]
[SourceTitle "10 Days #759"]
[Source "ChessMix"]
[SourceDate "2024.05.20"]
[SourceVersion "1"]
[SourceVersionDate "2024.05.20"]
[SourceQuality "1"]

1. e4 e5 2. Nf3 Nc6 3. Bc4 Nf6 4. d3 Bc5 5. c3 d6 6. O-O h6 7. Re1 Bb6 8. a4 a5 9. Be3 Bxe3 10. Rxe3 O-O 11. h3 Re8 12. Qb3 Qe7 13. Nbd2 Nh5 14. Nf1 Nf4 15. Ng3 Qf6 16. Ne2 Nxe2+ 17. Rxe2 Ne7 18. Re3 Ng6 19. h4 Nf4 20. g3 Nh3+ 21. Kg2 g5 22. Rf1 Kg7 23. Nh2 Qg6 24. Kh1 gxh4 25. gxh4 Qh5 26. Rf3 Rf8 27. d4 Qxh4 28. dxe5 Ng5 29. Rg1 Kh8 30. Rxg5 Qxg5 31. exd6 cxd6 32. Bxf7 Qe5 33. Qc4 Bd7 34. Bd5 Rxf3 35. Nxf3 Qh5+ 36. Nh2 Qd1+ 37. Kg2 Rf8 38. b3 Qh5 39. Qd4+ Kh7 40. Qd3 b6 41. Nf1 Bh3+ 42. Kg1 Rf3 43. Qd2 Bxf1 44. Kxf1 Qh3+ 45. Ke1 Rd3 46. Qc2 Rxc3 47. Qb2 Qd3 48. b4 Rc2 49. Qf6 Qe2# 0-1

[Event "Police op"]
[Site "Dubai UAE"]
[Date "2024.05.12"]
[Round "9.57"]
[White "Omonov, Asrorjon"]
[Black "Mendes, Aaron Reeve"]
[Result "1/2-1/2"]
[WhiteElo "2383"]
[BlackElo "2307"]
[PlyCount "190"]
[GameId "2130307544596554"]
[EventDate "2024.05.04"]
[EventType "swiss"]
[EventRounds "9"]
[EventCountry "UAE"]
[SourceTitle "10 Days #759"]
[Source "ChessMix"]
[SourceDate "2024.05.20"]
[SourceVersion "1"]
[SourceVersionDate "2024.05.20"]
[SourceQuality "1"]

1. d4 Nf6 2. c4 g6 3. Nc3 d5 4. Bg5 Bg7 5. e3 c5 6. Nf3 cxd4 7. Nxd4 Nc6 8. Be2 O-O 9. O-O Nxd4 10. exd4 dxc4 11. Bxc4 a6 12. a4 Qb6 13. Qd2 Bf5 14. Rfe1 e6 15. h3 h5 16. Rad1 Rac8 17. Ba2 Qc6 18. d5 Nxd5 19. Bxd5 Bxc3 20. bxc3 exd5 21. Bh6 Rfd8 22. Re3 Qxa4 23. Bg5 Re8 24. Rxe8+ Rxe8 25. Bf6 Re6 26. Bg5 Qc4 27. Be3 Re8 28. Ra1 Qd3 29. Qc1 f6 30. Bd4 Kg7 31. Qf4 Qe4 32. Qc7+ Re7 33. Qd8 Qe6 34. f3 g5 35. Bf2 Qd7 36. Qa5 g4 37. hxg4 hxg4 38. Rd1 b5 39. Qxa6 gxf3 40. gxf3 Be4 41. Re1 Bxf3 42. Rxe7+ Qxe7 43. Qa7 Kf7 44. Qxe7+ Kxe7 45. Bc5+ Kd7 46. Kf2 Be4 47. Ke3 Kc6 48. Bd4 f5 49. Kf4 Kb7 50. Bc5 Ka6 51. Bb4 Kb6 52. Ke5 Kc6 53. Ba3 Kd7 54. Bb4 Ke8 55. Bc5 Kf7 56. Bb4 Kg6 57. Kf4 Kf6 58. Bc5 Ke6 59. Bd4 Kd6 60. Ke3 Bb1 61. Kf4 Kc6 62. Ke3 Kc7 63. Kf4 Kb7 64. Bc5 Ka6 65. Bb4 Kb6 66. Ke5 Kc6 67. Ba3 Be4 68. Bb4 Kd7 69. Ba3 Ke8 70. Bb4 Kf7 71. Bc5 Kg6 72. Kf4 Bc2 73. Bd4 Kh5 74. Bf2 Be4 75. Kg3 Kg5 76. Be3+ Kf6 77. Kf4 Ke6 78. Bc5 Bc2 79. Bd4 Kd6 80. Ke3 Kc6 81. Kf4 Kb7 82. Bc5 Ka6 83. Bb4 Kb6 84. Ke5 Kc6 85. Ba3 Bd3 86. Bb4 Be4 87. Ba3 b4 88. Bxb4 Kb5 89. Kd4 f4 90. Bd6 f3 91. Ke3 Kc4 92. Be5 Kb3 93. Kf2 Kc2 94. Bd4 Kd2 95. Be5 Kd3 1/2-1/2